Clubs Football Français - L1 à National 2022/2023 - Statistiques

Statistiques générales
  • Ce quiz a été pris 619 fois
  • Le résultat moyen est 42 sur 58
Statistiques - réponses
DIV CLUBS % Correct
L1 Paris SG
100%
L1 Olympique de Marseille
99%
L1 Olympique Lyonnais
99%
L1 RC Lens
97%
L1 Stade Rennais FC
97%
L2 FC Girondins de Bordeaux
96%
L1 LOSC Lille
96%
L1 AS Monaco
95%
L2 AS Saint-Etienne
95%
L1 AJ Auxerre
94%
L1 FC Nantes
94%
L1 OGC Nice
94%
L1 Toulouse FC
94%
L1 RC Strasbourg Alsace
93%
L2 FC Metz
91%
L1 Stade Brestois 29
91%
L1 Montpellier Hérault SC
90%
L2 Paris FC
89%
L1 Stade de Reims
89%
L1 Angers SCO
88%
L1 Clermont Foot 63
87%
L1 FC Lorient
87%
L1 AC Ajaccio
85%
National Paris 13 Atlético
85%
L1 ESTAC Troyes
83%
L2 Havre AC
83%
National FC Bastia-Borgo
80%
L2 SC Bastia
80%
L2 Stade Malherbe Caen
76%
National AS Nancy Lorraine
75%
L2 Dijon FCO
75%
L2 Amiens SC
74%
L2 FC Sochaux-Montbéliard
74%
L2 Nîmes Olympique
73%
L2 Grenoble Foot 38
71%
L2 Pau FC
70%
L2 Valenciennes FC
70%
L2 FC Annecy
68%
L2 En Avant Guingamp
67%
L2 Rodez Aveyron Football
62%
L2 Stade Lavallois MFC
61%
National USL Dunkerque
60%
L2 Chamois Niortais FC
59%
L2 Quevilly Rouen Métropole
58%
National Le Mans FC
56%
National Red Star FC
53%
National US Concarneau
52%
National US Orléans
52%
National Versailles 78
46%
National CS Sedan
45%
National SO Choletais
45%
National Châteauroux
44%
National FC Martigues
43%
National FC Villefranche
32%
National Avranches
30%
National Bourg en Bresse 01
29%
National Stade Briochin
25%
National Le Puy Foot 43
22%
Aucun quiz correspondant
Distribution des résultats
% des personnes avec chaque résultat
Percentile par nombre de réponses
Votre historique - résultats
Vous n’avez pas pris ce quiz